Rozhodovanie sa na základe teórie grafov diplomová práca

Uložené v:
Podrobná bibliografia
Hlavný autor: Šulek, Jakub
Korporativný autor: Fakulta hospodárskej informatiky EU. Katedra operačného výskumu a ekonometrie
Ďalší autori: Gežík, Pavel, 1983-
Médium: Kniha
Jazyk:Slovak
Vydavateľské údaje: Bratislava 2016
Tagy: Pridať tag
Žiadne tagy, Buďte prvý, kto otaguje tento záznam!

MARC

LEADER 00000nbm a2200000 4500
001 0216839
005 20170215095210.1
041 0 |a slo 
044 |a SK 
245 1 0 |a Rozhodovanie sa na základe teórie grafov  |b diplomová práca  |c Jakub Šulek ; školiteľ: Pavel Gežík 
264 1 |a Bratislava  |c 2016 
300 |a 43 s. 
100 1 |a Šulek, Jakub 
700 1 |a Gežík, Pavel, 1983- 
710 2 |a Fakulta hospodárskej informatiky EU. Katedra operačného výskumu a ekonometrie